000 00284nam a22001337a 4500
008 171127b xxu||||| |||| 00| 0 eng d
020 _a9781420082111
041 _aeng
080 _a62
100 _a27
101 _aENG
245 _aMECHATRONICS
_cCLARNCE.W.D.S
942 _2udc
_cBK
999 _c38552
_d38552